Nazwij pasującego polskiego króla #1 - Statystyki

Ogólne statystyki
  • Ten quiz został rozwiązany 33 razy
  • Średni wynik to 6 z 14
Statystyki odpowiedzi
Kategoria # Król % Poprawnych
który sprawował ten urząd przez co najmniej 30 lat 9
97%
który zginął śmiercią tragiczną *tylko ci, których przyczyny śmierci ustalono 5
73%
który żył w X wieku 2
73%
XIII-wieczny, albo późniejszy król, którego dzienna data urodzin jest nieznana 3
57%
który zmarł w wieku 30 lat, albo młodszym 3
47%
który był synem Kazimierza IV Jagiellończyka 3
43%
z dynastii Jagiellonów, który sprawował władzę po wejściu w życie unii lubelskiej 2
43%
który abdykował 2
43%
który pochodził z dynastii Wettynów 2
40%
który zmarł w Warszawie 3
37%
który zmarł w Dreźnie 1
27%
który został zdetronizowany 1
3%
którego matką była Konstancja Habsburżanka 1
0%
który jest świętym 2
0%
Nie znaleziono quizów pasujących do podanych kryteriów
Rozkład punktacji
Procent ludzi z każdym wynikiem
Percentyl według liczby udzielonych odpowiedzi
Twoja historia wyników
Nie rozwiązałeś tego quizu